Восстановление окислов железа продуктами термического разложения торфа; Применение современных физико-химических и математических методов исследования в химикометаллургических процессах

Podrobná bibliografie
Parent link:Применение современных физико-химических и математических методов исследования в химикометаллургических процессах.— 1974.— С. 165-167
Další autoři: Смольянинов С. И. Станислав Иванович, Антонов Н. Г., Архипов В. С. Виктор Сергеевич, Криницын Г. Г.
Shrnutí:В фонде НТБ ТПУ отсутствует
Jazyk:ruština
Vydáno: 1974
Témata:
Médium: Kapitola
KOHA link:https://koha.lib.tpu.ru/cgi-bin/koha/opac-detail.pl?biblionumber=599441

MARC

LEADER 00000naa0a2200000 4500
001 599441
005 20250414135627.0
035 |a (RuTPU)RU\TPU\tpu\23506 
035 |a RU\TPU\tpu\23501 
090 |a 599441 
100 |a 20130820d1974 k y0rusy50 ca 
101 0 |a rus 
102 |a RU 
200 1 |a Восстановление окислов железа продуктами термического разложения торфа  |f С. И. Смольянинов [и др.] 
333 |a В фонде НТБ ТПУ отсутствует 
463 |t Применение современных физико-химических и математических методов исследования в химикометаллургических процессах  |o научно-техническая конференция, г. Кемерово (26-28 ноября 1974 г.)  |v С. 165-167  |d 1974 
610 1 |a труды учёных ТПУ 
701 1 |a Смольянинов  |b С. И.  |c российский химик-технолог  |c профессор Томского политехнического университета  |f 1925-1991  |g Станислав Иванович  |3 (RuTPU)RU\TPU\pers\15849  |4 070 
701 1 |a Антонов  |b Н. Г. 
701 1 |a Архипов  |b В. С.  |c химик-технолог  |c доцент Томского политехнического университета, кандидат химических наук  |f 1939-  |g Виктор Сергеевич  |3 (RuTPU)RU\TPU\pers\24792  |4 070 
701 1 |a Криницын  |b Г. Г. 
801 1 |a RU  |b 63413507  |c 20130329 
801 2 |a RU  |b 63413507  |c 20130820  |g RCR 
850 |a 63413507 
942 |c BK